000 03022nam a22011417a 4500
003 PE-LiUPU
005 20250813185658.0
008 230926b |||||||| |||| 00| 0 spa d
020 _a9786123224530
040 _bspa
_cPE-LiUPU
_dPE-LiUPU
_erda
082 _223
_a346.2
_bS165t
100 _aAguilar Llanos, Benjamín,
_d1946-
_eautor
_92724
245 _aTratado de derecho de familia /
_bBenjamín Aguilar Llanos.
250 _aPrimera edición.
264 _aLima :
_bInstituto Pacífico,
_c2023.
300 _a719 páginas ;
_c24 centímetros.
504 _aBibliografía : p. 715-719
505 _aDISPOSICIONES GENERALES -- SOOCIEDAD CONYUGAL: EL MATRIMONIO -- El matrimonio como acto -- Relaciones personales entre los cónyuges -- Decaimiento y disolución del vínculo matrimonial -- SOCIEDAD PATERNO FILIAL --Filiación -- Filiación extramatrimonial -- Patria potestad -- AMPARO FAMILIAR -- Alimentos y bienes de familia -- Instituciones de amparo
526 _aP202
526 _aP201
526 _aP163
526 _aP162
526 _aP161
526 _aP160
526 _aP148
526 _aP147
526 _aP146
526 _aP145
526 _aP144
526 _aP143
526 _aP142
526 _aP141
526 _aP140
526 _aP139
526 _aP138
526 _aP137
526 _aP136
526 _aP135
526 _aP134
526 _aP133
526 _aP129
526 _aP128
526 _aP127
526 _aP120
526 _aP119
526 _aP118
526 _aP116
526 _aP115
526 _aP114
526 _aP110
526 _aP109
526 _aP108
526 _aP104
526 _aP103
526 _aP102
526 _aP99
526 _aP98
526 _aP97
526 _aP96
526 _aP95
526 _aP93
526 _aP90
526 _aP89
526 _aP88
526 _aP83
526 _aP82
526 _aP62
526 _aP59
526 _aP58
526 _aP57
526 _aP51
526 _aP49
526 _aP48
526 _aP47
526 _aP29
526 _aP24
526 _aP20
526 _aP19
526 _aP17
526 _aP15
526 _aP14
526 _aP12
526 _aP10
526 _aP09
526 _aP08
526 _aP07
526 _aP06
526 _aP05
526 _aP04
526 _aP01
556 _a10444184961 E001-106
_z9786123224530
650 1 8 _aDerecho de familia
_zPerú
_xInterpretación y aplicación.
_92612
_2bnp
650 2 8 _aBienes matrimoniales
_xAspectos legales
_zPerú.
_92725
_2bnp
650 2 8 _aRelaciones de familia
_xAspectos legales
_zPerú.
_92726
_2bnp
942 _2ddc
_cBK
_n0
980 _618226
_aJaime Vilcazán Jefe de Análisis Documental
_81
_gALBERTO SANCHEZ Responsable de Automatización
999 _c62011
_d62011